000 00673nam a2200217 u 4500
005 20240517063650.0
008 111010s2006 r 000 0 eng d
020 _a9788426351272
035 _aUPN01000182132
049 _aI
050 4 _aPZ74.9
_bG6.52 2006
100 1 _aGómez Ojea, Carmen,
_d1945-
_930273
245 1 0 _aMás allá de los rosales /
_cCarmen Gómez Ojea ; il. Tino Gatagán.
250 _a2a ed.
260 _aZaragoza, Esp. :
_bEdelvives,
_c2006.
300 _a73 p. :
_bil.
440 0 _aAla Delta.
_pAzul ;
_v28
650 4 _aHermanos y hermanas
_vLiteratura infantil
_98964
650 4 _aMiedo
_vLiteratura infantil
_912306
905 _aInfantil
999 _c154235
_d154235